000 00457nam a2200169Ia 4500
005 20250508153318.0
008 008 250505s9999 xx 000 0 eng d
037 _aBooks to be hide in OPAC
040 _aFEDL
_beng
_cFEDL
041 _aeng
_2eng
084 _a510.7, INT/O
_qFEDL
245 0 _aTeaching of mathematics in secondary schools
260 _c1956
300 _a249p.
942 _cHB
_h510.7, INT/O
999 _c1341931
_d1341931